Presentación de la revista digital Semanas de Estudios Romanos
Sábháilte in:
| Príomhchruthaitheoir: | |
|---|---|
| Formáid: | LEABHAR |
| Teanga: | Spáinnis |
| Foilsithe / Cruthaithe: |
Viña del Mar
Pontificia Universidad Católica de Valparaíso. Instituto de Historia
2002
|
| Ábhair: | |
| Clibeanna: |
Cuir clib leis
Níl clibeanna ann, Bí ar an gcéad duine le clib a chur leis an taifead seo!
|
MARC
| LEADER | 00000nam a2200000 a 4500 | ||
|---|---|---|---|
| 001 | UCG1043 | ||
| 003 | CL-VaPUC | ||
| 005 | 20250103133003.0 | ||
| 008 | 100415e20020000cl 1 spa d | ||
| 082 | 0 | 4 | |a 384.55 |b SAL |2 21 |
| 100 | 1 | |a Salamó Asenjo, Sergio |e author |9 621548 | |
| 245 | 1 | 0 | |a Presentación de la revista digital Semanas de Estudios Romanos |
| 246 | 1 | 0 | |a XX Semana de Estudios Romanos |
| 260 | |a Viña del Mar |b Pontificia Universidad Católica de Valparaíso. Instituto de Historia |c 2002 | ||
| 583 | |a last modification |c 20100415 00:00:00 |k Rodrigo Vera | ||
| 650 | 0 | 0 | |a Revistas |x Sitios web |9 464483 |
| 650 | 0 | 7 | |a COMUNICACION ELECTRONICA |2 CL-VaPUC |9 464480 |
| 650 | 0 | 0 | |a Medios de comunicación |9 257206 |
| 942 | |c BK | ||
| 945 | |a dcastane |d 20100415 00:00:00 | ||
| 546 | |a En Español | ||
| 536 | |a Pontificia Universidad Católica de Valparaíso. Instituto de Historia | ||
| 518 | |p Semana de Estudios Romanos, 20, Viña del Mar, 22 al 25 octubre 2002 | ||
| 999 | |c 384506 |d 384504 | ||
| 952 | |0 0 |1 0 |4 0 |6 384_550000000000000_SAL_2002 |7 0 |8 R |9 507288 |a BIBHIS |b BIBHIS |d 2020-01-23 |h vhs |i 4620321 |o 384.55 SAL 2002 |p 4620321 |r 2020-01-23 |w 2020-01-23 |y BK_R |k HIS | ||